00678nam a2200181 a 450000100100000000500170001000800410002702000150006804000250008308200150010810000420012324500920016526000390025730000280029670000420032495201130036699900170047900003624820200930075630.0120111s1988 mx a 000 0 spa d a9682512638 aDO-SdBNPbspacBNPHU axxxbL864e1 aLópez Luna, Ma. Concepción96234810aEnfermeria sanitaria /cMa. Concepción López Luna ; editor Javier Sánchez Orozco. aMéxico :bInteramericana,c1988. a237 p. :bil. ;c23 cm.1 aSánchez Orozco, Javier,eed.962349 001050718MOaGRbGRcCTd2012-01-11iLF1l0oxxx L864ep36248-10r2020-06-25w2020-06-25y1ZNo se presta c35739d35739